| 000 | 00423 a2200133 4500 | ||
|---|---|---|---|
| 020 | _a0471254991 (cloth) | ||
| 082 | _a628.445 BAG | ||
| 100 | _aBagchi, Amalendu. | ||
| 245 |
_aDesign of landfills and integrated solid waste management / _cAmalendu Bagchi. |
||
| 250 | _a3rd ed. | ||
| 260 |
_aHoboken, N.J. : _bJ. Wiley, _c2004. |
||
| 300 |
_axvi, 696 p. : _bill. ; _c25 cm. |
||
| 650 | _aSanitary landfills. | ||
| 650 | _aIntegrated solid waste management | ||
| 999 |
_c1713 _d1713 |
||